[Event "Quebec op"]
[Site "Montreal CAN"]
[Date "1999.07.25"]
[Round "3"]
[White "Bolduc, Steve"]
[Black "Zugic, Igor"]
[Result "0-1"]
[WhiteElo "2172"]
[BlackElo "2405"]
[PlyCount "64"]
[GameId "2160767911742810"]
[EventDate "1999.07.24"]
[EventType "swiss"]
[EventRounds "9"]
[EventCountry "CAN"]

1. d4 Nf6 2. Nf3 g6 3. g3 Bg7 4. Bg2 O-O 5. O-O d5 6. c4 dxc4 7. Ne5 c6 8. Nxc4 Be6 9. Qd3 Nbd7 10. Bf4 Nb6 11. Nba3 Nh5 12. Be3 f5 13. Rad1 Nd5 14. Bg5 f4 15. e4 Nb6 16. Nxb6 axb6 17. d5 Bf7 18. d6 Qxd6 19. Qe2 Qc7 20. Bh3 fxg3 21. Rd7 Qe5 22. Bxe7 Bd5 23. Bxf8 gxh2+ 24. Kh1 Bxe4+ 25. Qxe4 Qxe4+ 26. Bg2 Qf5 27. Bxg7 Qxd7 28. Be5 Re8 29. Bxh2 Qd4 30. b3 Re2 31. Nc4 Rxf2 32. Re1 Nf4 0-1

[Event "Quebec op"]
[Site "Montreal CAN"]
[Date "1999.07.25"]
[Round "3"]
[White "Burnett, Ronald"]
[Black "Hebert, Jean"]
[Result "1/2-1/2"]
[WhiteElo "2195"]
[BlackElo "2463"]
[PlyCount "125"]
[GameId "2160767911742811"]
[EventDate "1999.07.24"]
[EventType "swiss"]
[EventRounds "9"]
[EventCountry "CAN"]

1. d4 Nf6 2. c4 e6 3. g3 d5 4. Bg2 c6 5. Qc2 Bb4+ 6. Nd2 O-O 7. Ngf3 Nbd7 8. O-O b5 9. c5 Bxd2 10. Bxd2 Ne4 11. Be3 f6 12. Ne1 f5 13. Nd3 a5 14. Bf4 b4 15. f3 Ng5 16. a3 bxa3 17. Rxa3 Ba6 18. Qd2 Nf7 19. Rxa5 Bxd3 20. Rxa8 Qxa8 21. Qxd3 e5 22. Qxf5 exf4 23. Qxd7 Qa4 24. Kh1 Nd8 25. gxf4 Qxd4 26. e4 Qxc5 27. e5 Qb4 28. e6 Qb7 29. Qxb7 Nxb7 30. Rc1 Rc8 31. Bh3 Rc7 32. e7 Kf7 33. Be6+ Kxe7 34. Bxd5 Nd8 35. Be4 h6 36. Kg2 Rb7 37. Rc2 Rb4 38. Kg3 Rb6 39. f5 Kf6 40. Kf4 Rb4 41. Ke3 c5 42. Rg2 Kf7 43. Kd3 Kf8 44. Kc3 Nf7 45. Rd2 Ke7 46. Rd5 Rb5 47. Bd3 Ra5 48. f4 Nd6 49. Re5+ Kd7 50. f6 gxf6 51. Rh5 Ra4 52. Rxc5 Rxf4 53. Rh5 Nf7 54. b4 Ne5 55. Bb5+ Kc7 56. Rxh6 Rf3+ 57. Kd4 Kb6 58. Be2 Rf4+ 59. Kd5 Rf2 60. Bh5 Rxh2 61. Rxf6+ Kb5 62. Be8+ Kxb4 63. Kxe5 1/2-1/2

[Event "Quebec op"]
[Site "Montreal CAN"]
[Date "1999.07.25"]
[Round "3"]
[White "Elfert, Aleksandr"]
[Black "Safranska, Anda"]
[Result "0-1"]
[WhiteElo "2256"]
[BlackElo "2267"]
[PlyCount "116"]
[GameId "2160767911742813"]
[EventDate "1999.07.24"]
[EventType "swiss"]
[EventRounds "9"]
[EventCountry "CAN"]

1. c4 Nf6 2. Nf3 g6 3. b3 Bg7 4. Bb2 O-O 5. Nc3 d6 6. d4 Nbd7 7. e3 e5 8. Be2 c6 9. Qc2 Re8 10. dxe5 dxe5 11. Rd1 e4 12. Nd2 Qe7 13. O-O Nf8 14. a3 h5 15. b4 b6 16. Nb3 N8h7 17. Rd2 Ng5 18. Rfd1 h4 19. c5 h3 20. g3 Ng4 21. Rd6 Ne5 22. b5 bxc5 23. Nxc5 cxb5 24. Nxb5 Rb8 25. Bxe5 Bxe5 26. R6d5 Bg7 27. Nd4 Bxd4 28. R5xd4 Nf3+ 29. Bxf3 exf3 30. Re4 Bf5 31. Rxe7 Bxc2 32. Rxe8+ Rxe8 33. Rc1 Rd8 34. Kf1 Rd2 35. Ke1 Re2+ 36. Kf1 Rd2 37. Kg1 Kg7 38. Kf1 Kf6 39. Ke1 Re2+ 40. Kf1 Rd2 41. Kg1 g5 42. Na6 Rd1+ 43. Rxd1 Bxd1 44. Nc5 Be2 45. Nd7+ Kf5 46. g4+ Ke6 47. Nc5+ Kd5 48. Nd7 Bd3 49. Nf6+ Kc4 50. Nd7 f6 51. Nxf6 Kb3 52. e4 Kxa3 53. e5 a5 54. e6 a4 55. e7 Bg6 56. e8=Q Bxe8 57. Nxe8 Kb3 58. Nc7 a3 0-1

[Event "Quebec op"]
[Site "Montreal CAN"]
[Date "1999.07.25"]
[Round "3"]
[White "Ghannoum, Marc"]
[Black "Letourneau, Martin"]
[Result "1-0"]
[WhiteElo "2288"]
[BlackElo "2188"]
[PlyCount "41"]
[GameId "2160767911742814"]
[EventDate "1999.07.24"]
[EventType "swiss"]
[EventRounds "9"]
[EventCountry "CAN"]

1. e4 c5 2. Nc3 d6 3. f4 Nc6 4. Nf3 e6 5. Bb5 Bd7 6. O-O Nge7 7. a4 a6 8. Bc4 Na5 9. Ba2 b5 10. f5 c4 11. fxe6 Bxe6 12. Ng5 Qd7 13. d4 Bg4 14. Qe1 f6 15. Nd5 Qd8 16. Rxf6 Nxd5 17. exd5+ Qe7 18. Re6 Bxe6 19. Nxe6 Nb7 20. Bg5 Qf7 21. Nd8+ 1-0

[Event "Quebec op"]
[Site "Montreal CAN"]
[Date "1999.07.25"]
[Round "3"]
[White "Glinert, Stephen"]
[Black "Duong, Thanh Nha"]
[Result "0-1"]
[WhiteElo "2191"]
[BlackElo "2332"]
[PlyCount "84"]
[GameId "2160767911742815"]
[EventDate "1999.07.24"]
[EventType "swiss"]
[EventRounds "9"]
[EventCountry "CAN"]
[SourceTitle "EXT 2000"]
[Source "ChessBase"]
[SourceDate "1999.11.18"]
[SourceVersion "1"]
[SourceVersionDate "1999.11.18"]
[SourceQuality "1"]

1. e4 c5 2. Nc3 Nc6 3. g3 g6 4. Bg2 Bg7 5. d3 e5 6. Be3 d6 7. Qd2 h5 8. h4 Nh6 9. f3 Be6 10. Nge2 Nd4 11. Nc1 Qd7 12. Nd1 Qa4 13. b3 Qa3 14. Rb1 d5 15. O-O dxe4 16. dxe4 Rd8 17. Qf2 b6 18. c3 Nb5 19. Qe2 c4 20. Qb2 O-O 21. Qxa3 Nxa3 22. Rb2 Rd7 23. Nf2 Rfd8 24. Ne2 f6 25. Kh2 Nf7 26. b4 Bh6 27. f4 Bg4 28. Bh3 Bxh3 29. Kxh3 g5 30. Rg1 exf4 31. gxf4 g4+ 32. Kg3 Rd3 33. Nxd3 cxd3 34. Bd4 Nc4 35. Rbb1 Nd2 36. Bxf6 Nxe4+ 37. Kg2 Nxf6 38. Nd4 Nd5 39. Ne6 Rd6 40. f5 Nxc3 41. Rb3 Nd5 42. Kh2 Ne5 0-1

[Event "Quebec op"]
[Site "Montreal CAN"]
[Date "1999.07.25"]
[Round "3"]
[White "Gravel, Simon M"]
[Black "Goldenberg, Danny"]
[Result "1-0"]
[WhiteElo "2281"]
[BlackElo "2234"]
[PlyCount "55"]
[GameId "2160767911742816"]
[EventDate "1999.07.24"]
[EventType "swiss"]
[EventRounds "9"]
[EventCountry "CAN"]
[SourceTitle "EXT 2000"]
[Source "ChessBase"]
[SourceDate "1999.11.18"]
[SourceVersion "1"]
[SourceVersionDate "1999.11.18"]
[SourceQuality "1"]

1. d4 c5 2. d5 e5 3. e4 d6 4. Be3 g6 5. g4 Bh6 6. Bd2 Bf4 7. h4 Qb6 8. b3 Nf6 9. Bxf4 exf4 10. f3 Nbd7 11. Qd2 O-O 12. Qxf4 Re8 13. Be2 c4 14. Bxc4 Ne5 15. Nd2 Nexg4 16. fxg4 Nxe4 17. O-O-O Nc3 18. Rf1 f5 19. a3 Qa5 20. Nb1 Nxb1 21. Kxb1 Qxa3 22. h5 Re4 23. Qg5 Rxc4 24. Qd8+ Kg7 25. Qe7+ Kg8 26. hxg6 hxg6 27. Qe8+ Kg7 28. Qh8+ 1-0

[Event "Quebec op"]
[Site "Montreal CAN"]
[Date "1999.07.25"]
[Round "3"]
[White "Hua, Lefong"]
[Black "Mikanovic, Goran"]
[Result "0-1"]
[WhiteElo "2246"]
[BlackElo "2310"]
[PlyCount "50"]
[GameId "2160767911742817"]
[EventDate "1999.07.24"]
[EventType "swiss"]
[EventRounds "9"]
[EventCountry "CAN"]
[SourceTitle "EXT 2000"]
[Source "ChessBase"]
[SourceDate "1999.11.18"]
[SourceVersion "1"]
[SourceVersionDate "1999.11.18"]
[SourceQuality "1"]

1. c4 c5 2. Nf3 Nf6 3. Nc3 e6 4. d4 cxd4 5. Nxd4 Bb4 6. g3 O-O 7. Bg2 d5 8. cxd5 Nxd5 9. Bd2 Nxc3 10. bxc3 Be7 11. Rb1 e5 12. Rxb7 exd4 13. Rxe7 Qxe7 14. Bxa8 d3 15. Bf3 Bh3 16. Bf4 Rd8 17. Be3 dxe2 18. Qa4 Qf6 19. Kxe2 Qxc3 20. Qb3 Qa5 21. Rb1 Be6 22. Qb4 Qxa2+ 23. Rb2 Qa6+ 24. Ke1 Nc6 25. Qe4 Bd5 0-1

[Event "Quebec op"]
[Site "Montreal CAN"]
[Date "1999.07.25"]
[Round "3"]
[White "Langen, Roger"]
[Black "Voloaca, Mihnea"]
[Result "1-0"]
[WhiteElo "2064"]
[BlackElo "2001"]
[PlyCount "83"]
[GameId "2160767911742818"]
[EventDate "1999.07.24"]
[EventType "swiss"]
[EventRounds "9"]
[EventCountry "CAN"]

1. e4 c5 2. Nf3 e6 3. d4 cxd4 4. Nxd4 a6 5. Be3 Nf6 6. Bd3 Nc6 7. Nd2 d5 8. O-O Bd7 9. Nxc6 Bxc6 10. e5 d4 11. Bg5 Qd5 12. Nf3 Nd7 13. Re1 Nc5 14. Qe2 h6 15. Bd2 g5 16. Bc4 Qd8 17. b4 g4 18. Nxd4 Qxd4 19. bxc5 Rg8 20. Qd3 Qxc5 21. Be3 Qa5 22. Rad1 b5 23. Bb3 Qc7 24. Qh7 Rg7 25. Qh8 Bb7 26. Bxh6 Qc6 27. Bd5 exd5 28. Bxg7 O-O-O 29. Bxf8 d4 30. f3 gxf3 31. Qh3+ Kb8 32. Bd6+ Ka7 33. Qxf3 Qxc2 34. Qf2 Qc6 35. Rc1 Qd5 36. Rc5 Qe6 37. Qxd4 Ka8 38. a4 Rg8 39. Rc2 Qh3 40. Ree2 Qb3 41. Rb2 Qf3 42. axb5 1-0

[Event "Quebec op"]
[Site "Montreal CAN"]
[Date "1999.07.25"]
[Round "3"]
[White "Larochelle, Martial"]
[Black "Roy, Guy"]
[Result "1-0"]
[WhiteElo "2260"]
[BlackElo "2095"]
[PlyCount "83"]
[GameId "2160767911742819"]
[EventDate "1999.07.24"]
[EventType "swiss"]
[EventRounds "9"]
[EventCountry "CAN"]

1. e4 e5 2. Nf3 d6 3. d4 exd4 4. Nxd4 Nf6 5. Nc3 Be7 6. Be2 O-O 7. O-O Re8 8. f4 c6 9. Bf3 Na6 10. Kh1 Nc7 11. Be3 Bf8 12. a4 Nxe4 13. Bxe4 d5 14. Qf3 dxe4 15. Qf2 Nd5 16. Nxd5 Qxd5 17. f5 a6 18. Rad1 Qe5 19. c4 c5 20. Nb3 b6 21. a5 bxa5 22. Rd5 Qb8 23. Nxc5 Qb4 24. Qc2 Bxc5 25. Bxc5 Qb7 26. Qxe4 Bd7 27. Qg4 Bc6 28. f6 g6 29. Qg5 Re6 30. Rd2 Rae8 31. h4 Qc7 32. Qh6 Rxf6 33. Rxf6 Bxg2+ 34. Rxg2 Qxc5 35. Qf4 Re1+ 36. Kh2 Qe7 37. h5 Re4 38. hxg6 hxg6 39. Rxf7 Qh4+ 40. Qxh4 Rxh4+ 41. Kg3 Rxc4 42. Rb7 1-0

[Event "Quebec op"]
[Site "Montreal CAN"]
[Date "1999.07.25"]
[Round "3"]
[White "Lazarev, Vladimir"]
[Black "Khassanov, Marat"]
[Result "1/2-1/2"]
[WhiteElo "2501"]
[BlackElo "2367"]
[PlyCount "51"]
[GameId "2160767911742820"]
[EventDate "1999.07.24"]
[EventType "swiss"]
[EventRounds "9"]
[EventCountry "CAN"]
[SourceTitle "EXT 2000"]
[Source "ChessBase"]
[SourceDate "1999.11.18"]
[SourceVersion "1"]
[SourceVersionDate "1999.11.18"]
[SourceQuality "1"]

1. d4 Nf6 2. c4 e6 3. Nc3 d5 4. cxd5 exd5 5. Bg5 c6 6. e3 Nbd7 7. Bd3 Be7 8. Qc2 O-O 9. Nf3 Re8 10. h3 Nf8 11. Bf4 Bd6 12. Bxd6 Qxd6 13. O-O-O Be6 14. g4 Rac8 15. Kb1 Qe7 16. Rc1 c5 17. dxc5 Rxc5 18. Qa4 b6 19. Ng5 Rd8 20. Nxe6 Nxe6 21. Rhd1 g6 22. Bf1 Ra5 23. Qc2 d4 24. exd4 Nxd4 25. Qd3 Rc5 26. Bg2 1/2-1/2

[Event "Quebec op"]
[Site "Montreal CAN"]
[Date "1999.07.25"]
[Round "3"]
[White "Loadman, Ian"]
[Black "Sakr, Nassim"]
[Result "1/2-1/2"]
[WhiteElo "2106"]
[BlackElo "2201"]
[PlyCount "92"]
[GameId "2160767911742821"]
[EventDate "1999.07.24"]
[EventType "swiss"]
[EventRounds "9"]
[EventCountry "CAN"]

1. e4 c5 2. Nf3 d6 3. d4 cxd4 4. Nxd4 Nf6 5. Nc3 a6 6. Rg1 e6 7. g4 Be7 8. g5 Nfd7 9. Be3 Nc6 10. Rg3 Qc7 11. Qe2 b5 12. O-O-O Nce5 13. f4 Nc6 14. Nf5 exf5 15. Nd5 Qa5 16. exf5 Kd8 17. Bd2 Qxa2 18. Ra3 Qxd5 19. Ba5+ Nxa5 20. Rxd5 Nc4 21. Rc3 Ndb6 22. Rd1 Bxf5 23. b3 Na5 24. Bg2 Rb8 25. Be4 Bd7 26. Re3 Re8 27. Qd2 Nc6 28. Bxc6 Bxc6 29. Rxe7 Bd5 30. Rxe8+ Kxe8 31. Qd4 Kf8 32. Re1 a5 33. Qd3 g6 34. Qxb5 Be6 35. Rxe6 fxe6 36. Qc6 Ke7 37. Qc7+ Nd7 38. Qxa5 Rf8 39. Qd2 Rf5 40. h4 Nb6 41. c4 Nd7 42. Qd4 e5 43. fxe5 Nxe5 44. Qa7+ Nd7 45. Kc2 Rc5 46. Kd3 Ke6 1/2-1/2

[Event "Quebec op"]
[Site "Montreal CAN"]
[Date "1999.07.25"]
[Round "3"]
[White "Michoura, Mikhail"]
[Black "Miezis, Normunds"]
[Result "0-1"]
[WhiteElo "2121"]
[BlackElo "2524"]
[PlyCount "64"]
[GameId "2160767911742822"]
[EventDate "1999.07.24"]
[EventType "swiss"]
[EventRounds "9"]
[EventCountry "CAN"]

1. e4 c5 2. Nf3 e6 3. d4 cxd4 4. Nxd4 a6 5. Nc3 Qc7 6. Be2 b5 7. a3 Bb7 8. O-O Nf6 9. Bf3 Nc6 10. Nxc6 dxc6 11. Bg5 Bd6 12. Bxf6 gxf6 13. h3 Be5 14. Qd2 Rd8 15. Qh6 Ke7 16. Rad1 Rdg8 17. Rd3 Bf4 18. Qh4 h5 19. Rfd1 Bc8 20. e5 Bxe5 21. Ne4 c5 22. c3 c4 23. R3d2 Rd8 24. Rxd8 Rxd8 25. Bxh5 Rxd1+ 26. Bxd1 Bb7 27. Bc2 Qd8 28. f4 Bxe4 29. Bxe4 Bc7 30. Qh5 Bb6+ 31. Kh2 Qd2 32. Qf3 Qe1 0-1

[Event "Quebec op"]
[Site "Montreal CAN"]
[Date "1999.07.25"]
[Round "3"]
[White "Reeve, Jeff"]
[Black "Laurain, Guy"]
[Result "1-0"]
[WhiteElo "2264"]
[BlackElo "2082"]
[PlyCount "59"]
[GameId "2160767911742824"]
[EventDate "1999.07.24"]
[EventType "swiss"]
[EventRounds "9"]
[EventCountry "CAN"]

1. e4 c5 2. Nf3 Nc6 3. d4 cxd4 4. Nxd4 Nf6 5. Nc3 d6 6. f3 e5 7. Nb3 Be7 8. Be3 Be6 9. Qd2 O-O 10. O-O-O a6 11. g4 Rc8 12. Kb1 b5 13. Nd5 Bxd5 14. exd5 Nb8 15. g5 Nfd7 16. Rg1 Nb6 17. Qf2 Nc4 18. Bc1 Nd7 19. Bd3 g6 20. h4 Re8 21. h5 Qb6 22. Qh4 Nf8 23. Rh1 Ne3 24. hxg6 fxg6 25. Bxg6 hxg6 26. Qh8+ Kf7 27. Rh7+ Nxh7 28. Qxh7+ Kf8 29. Qxg6 Nxd1 30. Qh6+ 1-0

[Event "Quebec op"]
[Site "Montreal CAN"]
[Date "1999.07.25"]
[Round "3"]
[White "Ross, Dave"]
[Black "Strassmann, Swantje"]
[Result "1-0"]
[WhiteElo "2369"]
[BlackElo "2153"]
[PlyCount "137"]
[GameId "2160767911742825"]
[EventDate "1999.07.24"]
[EventType "swiss"]
[EventRounds "9"]
[EventCountry "CAN"]

1. Nf3 d5 2. c4 c6 3. b3 Bf5 4. g3 Nf6 5. Bg2 e6 6. Bb2 h6 7. O-O Be7 8. d3 O-O 9. Nbd2 Bh7 10. a3 a5 11. Qc2 Nbd7 12. Bc3 Qc7 13. Qb2 Rfe8 14. b4 axb4 15. axb4 c5 16. bxc5 Nxc5 17. Be5 Qd7 18. cxd5 exd5 19. Rxa8 Rxa8 20. Rb1 Ne8 21. Bd4 Rb8 22. Qb5 Qxb5 23. Rxb5 b6 24. Ne5 Nc7 25. Rb1 Bf8 26. Bf3 Bf5 27. Nc6 Rb7 28. Nd8 Rb8 29. Nc6 Rb7 30. Nd8 Rb8 31. Be5 N5a6 32. Nc6 Rb7 33. Nd8 Rb8 34. Nc6 Rb7 35. Nd4 Be6 36. Nb5 Ne8 37. Ra1 Nac7 38. Rb1 Na6 39. Rc1 Bb4 40. Nf1 f6 41. Rc6 Bf7 42. Bd4 Bc5 43. Bxc5 bxc5 44. Nc3 Rb3 45. Nxd5 Ra3 46. Nfe3 Ra2 47. Kf1 Ra1+ 48. Kg2 Ra2 49. h4 Kf8 50. Nc3 Ra3 51. Ne4 Ra5 52. g4 Nec7 53. h5 Be8 54. Rb6 Bd7 55. Ng3 Ra4 56. Ngf5 Ra2 57. Rd6 Ba4 58. Nd5 Be8 59. Nxc7 Nxc7 60. Kg3 Ra1 61. Rd8 Ne6 62. Rc8 Ra6 63. Bd5 Nd4 64. Nxd4 cxd4 65. Bc4 Ra5 66. Rd8 Re5 67. Kf3 f5 68. Kf4 Rxe2 69. Bb5 1-0

[Event "Quebec op"]
[Site "Montreal CAN"]
[Date "1999.07.25"]
[Round "3"]
[White "Spraggett, Grant"]
[Black "Kalinin, Alexander"]
[Result "0-1"]
[WhiteElo "2334"]
[BlackElo "2425"]
[PlyCount "78"]
[GameId "2160767911742826"]
[EventDate "1999.07.24"]
[EventType "swiss"]
[EventRounds "9"]
[EventCountry "CAN"]
[SourceTitle "EXT 2000"]
[Source "ChessBase"]
[SourceDate "1999.11.18"]
[SourceVersion "1"]
[SourceVersionDate "1999.11.18"]
[SourceQuality "1"]

1. c4 Nf6 2. g3 g6 3. Bg2 Bg7 4. Nc3 O-O 5. d3 d6 6. Rb1 a5 7. e4 c5 8. Nge2 Nc6 9. O-O Ne8 10. Nb5 Nc7 11. Be3 Nxb5 12. cxb5 Nd4 13. Bxd4 cxd4 14. a4 e5 15. f4 Bh6 16. f5 Bd7 17. Kh1 Rc8 18. Nc1 Qg5 19. g4 Qh4 20. Nb3 b6 21. h3 Qg5 22. Rf2 Rc7 23. Qe2 Qe3 24. Bf1 Rfc8 25. Qxe3 Bxe3 26. Re2 Rc2 27. Kg2 f6 28. Na1 Rxe2+ 29. Bxe2 Be8 30. Bd1 Bf7 31. Bb3 Bxb3 32. Nxb3 Rc2+ 33. Kg3 Kg7 34. Kf3 Rf2+ 35. Kg3 Rc2 36. Kf3 h5 37. Nxa5 bxa5 38. b4 h4 39. b6 Rf2# 0-1

[Event "Quebec op"]
[Site "Montreal CAN"]
[Date "1999.07.25"]
[Round "3"]
[White "St Amand, Paul Jr"]
[Black "Fillion, Steve"]
[Result "1/2-1/2"]
[WhiteElo "2160"]
[BlackElo "2208"]
[PlyCount "39"]
[GameId "2160767911742827"]
[EventDate "1999.07.24"]
[EventType "swiss"]
[EventRounds "9"]
[EventCountry "CAN"]
[SourceTitle "EXT 2000"]
[Source "ChessBase"]
[SourceDate "1999.11.18"]
[SourceVersion "1"]
[SourceVersionDate "1999.11.18"]
[SourceQuality "1"]

1. e4 e6 2. d4 d5 3. e5 c5 4. c3 Nc6 5. Nf3 Qb6 6. a3 c4 7. g3 Bd7 8. Nbd2 Na5 9. Bh3 Ne7 10. O-O h6 11. Rb1 Nec6 12. Ne1 O-O-O 13. Nc2 Nb3 14. Nxb3 Qxb3 15. Be3 Na5 16. Qe2 Qb6 17. f4 g6 18. Bg4 Nb3 19. Na1 Kb8 20. Nxb3 1/2-1/2

[Event "Quebec op"]
[Site "Montreal CAN"]
[Date "1999.07.25"]
[Round "3"]
[White "Wenaas, Eric"]
[Black "Reddy, Tyler"]
[Result "1-0"]
[WhiteElo "2276"]
[BlackElo "2168"]
[PlyCount "135"]
[GameId "2160767911742828"]
[EventDate "1999.07.24"]
[EventType "swiss"]
[EventRounds "9"]
[EventCountry "CAN"]

1. c4 c5 2. Nf3 Nc6 3. g3 g6 4. Bg2 Bg7 5. O-O e6 6. e4 Nge7 7. Nc3 O-O 8. d3 h6 9. Be3 b6 10. d4 cxd4 11. Nxd4 Bb7 12. h3 Na5 13. b3 d5 14. cxd5 exd5 15. e5 Qc7 16. Ndb5 Qxe5 17. Bd4 Qb8 18. Bxg7 Kxg7 19. Re1 Qd8 20. Qd4+ Kg8 21. Qf4 Rc8 22. Rac1 a6 23. Nd6 Rc6 24. Nxb7 Nxb7 25. Qxh6 Rd6 26. Qg5 Nf5 27. Qxd8 Rfxd8 28. Rcd1 d4 29. Bxb7 dxc3 30. Rxd6 Rxd6 31. Rc1 Nd4 32. Kf1 c2 33. Bxa6 Kg7 34. Bc4 b5 35. Bxb5 Nxb5 36. Rxc2 Ra6 37. Ke1 Nd4 38. Rb2 Nf3+ 39. Kd1 Ng5 40. h4 Ne4 41. b4 Nc3+ 42. Kc2 Nb5 43. Kd3 Kf6 44. Kc4 Nd6+ 45. Kd5 Nb7 46. b5 Rd6+ 47. Kc4 Ke7 48. a4 Kd7 49. Ra2 Re6 50. a5 Nd6+ 51. Kb4 Re4+ 52. Kc5 Re5+ 53. Kd4 Rxb5 54. a6 Rb8 55. Ke5 Ke7 56. Kd5 Rc8 57. a7 Nb5 58. Ra5 Rd8+ 59. Kc5 Nc7 60. Kc6 Na8 61. Re5+ Kf6 62. Rb5 Ke6 63. Rb8 Rd6+ 64. Kc5 Nc7 65. Rc8 Kd7 66. Rxc7+ Kxc7 67. a8=Q Rf6 68. Qa7+ 1-0

[Event "Quebec op"]
[Site "Montreal CAN"]
[Date "1999.07.26"]
[Round "4"]
[White "Caceres Cortes, Julio"]
[Black "Loadman, Ian"]
[Result "1/2-1/2"]
[WhiteElo "1967"]
[BlackElo "2106"]
[PlyCount "28"]
[GameId "2160767911742829"]
[EventDate "1999.07.24"]
[EventType "swiss"]
[EventRounds "9"]
[EventCountry "CAN"]

1. Nf3 g6 2. c4 Bg7 3. Nc3 d6 4. g3 e5 5. Bg2 Nc6 6. d3 Nge7 7. O-O h6 8. Rb1 Be6 9. b4 Qd7 10. b5 Nd8 11. Re1 f5 12. e4 O-O 13. exf5 Nxf5 14. Bb2 g5 1/2-1/2

[Event "Quebec op"]
[Site "Montreal CAN"]
[Date "1999.07.26"]
[Round "4"]
[White "Duong, Thanh Nha"]
[Black "Lazarev, Vladimir"]
[Result "0-1"]
[WhiteElo "2332"]
[BlackElo "2501"]
[PlyCount "76"]
[GameId "2160767911742830"]
[EventDate "1999.07.24"]
[EventType "swiss"]
[EventRounds "9"]
[EventCountry "CAN"]
[SourceTitle "EXT 2000"]
[Source "ChessBase"]
[SourceDate "1999.11.18"]
[SourceVersion "1"]
[SourceVersionDate "1999.11.18"]
[SourceQuality "1"]

1. c4 c5 2. Nc3 Nc6 3. g3 g6 4. Bg2 Bg7 5. e4 d6 6. Nge2 e6 7. d3 Nge7 8. O-O O-O 9. Rb1 Rb8 10. a3 b6 11. b4 Bb7 12. Be3 Nd4 13. f4 Qd7 14. Bf2 f5 15. h3 e5 16. Nxd4 cxd4 17. Nd5 fxe4 18. dxe4 Nxd5 19. cxd5 Ba6 20. Re1 Bc4 21. Kh2 Qf7 22. Bf3 exf4 23. Bg4 fxg3+ 24. Bxg3 Qe7 25. Be6+ Kh8 26. b5 a6 27. Qa4 axb5 28. Qb4 Rbd8 29. a4 Qg5 30. h4 Qh5 31. Kh3 Be2 32. Rxe2 Qxe2 33. Re1 Qf3 34. Bg4 Qc3 35. Qxb5 Be5 36. Rg1 Qe3 37. Qb1 h5 38. Be6 Rf3 0-1

[Event "Quebec op"]
[Site "Montreal CAN"]
[Date "1999.07.26"]
[Round "4"]
[White "Feoktistov, Dmitri"]
[Black "Poulin, Maurice"]
[Result "0-1"]
[WhiteElo "1866"]
[BlackElo "2018"]
[PlyCount "80"]
[GameId "2160767911742832"]
[EventDate "1999.07.24"]
[EventType "swiss"]
[EventRounds "9"]
[EventCountry "CAN"]

1. d4 g6 2. c4 Bg7 3. Nc3 d6 4. e4 Nc6 5. Be3 e5 6. Nge2 Nh6 7. f3 f5 8. d5 Ne7 9. Qd2 Nf7 10. O-O-O h5 11. Kb1 Bh6 12. Nc1 Bxe3 13. Qxe3 f4 14. Qf2 g5 15. c5 Ng6 16. Nb3 g4 17. Rc1 a6 18. cxd6 Nxd6 19. Be2 Qg5 20. Rhd1 g3 21. Qc5 Rh7 22. h3 Nh4 23. Bf1 Bxh3 24. gxh3 Nxf3 25. h4 Qe7 26. Rc2 Nxh4 27. Na5 Kf8 28. Qg1 Nf3 29. Qg2 Ng5 30. Rd3 h4 31. Be2 h3 32. Qh1 Qg7 33. Rc1 Re8 34. Nb3 g2 35. Qh2 Ngxe4 36. Nd2 Nxd2+ 37. Rxd2 Qg3 38. Qg1 h2 39. Qc5 g1=Q 40. Ne4 Qxc5 0-1

[Event "Quebec op"]
[Site "Montreal CAN"]
[Date "1999.07.26"]
[Round "4"]
[White "Fillion, Steve"]
[Black "Moss, Laurent"]
[Result "1/2-1/2"]
[WhiteElo "2075"]
[BlackElo "1943"]
[PlyCount "61"]
[GameId "2160767911742833"]
[EventDate "1999.07.24"]
[EventType "swiss"]
[EventRounds "9"]
[EventCountry "CAN"]

1. d4 Nf6 2. Nf3 c5 3. c4 cxd4 4. Nxd4 Nc6 5. Nc3 e6 6. Ndb5 d6 7. e4 a6 8. Nd4 Qa5 9. Nxc6 bxc6 10. Bd3 d5 11. exd5 cxd5 12. Bd2 Bb4 13. a3 Bxc3 14. Bxc3 Qc7 15. Bxf6 gxf6 16. cxd5 Qa5+ 17. b4 Qxd5 18. O-O Rg8 19. f3 Qg5 20. Qe2 f5 21. Rac1 h5 22. Rc5 Kd8 23. Rd1 Bd7 24. Ra5 h4 25. h3 Qg3 26. Kh1 Ke7 27. Rxa6 Rad8 28. Ra7 Kf6 29. a4 Bc6 30. b5 Bd5 31. b6 1/2-1/2

[Event "Quebec op"]
[Site "Montreal CAN"]
[Date "1999.07.26"]
[Round "4"]
[White "Gravel, Simon M"]
[Black "Moskvitch, Andrei"]
[Result "0-1"]
[WhiteElo "2155"]
[BlackElo "2011"]
[PlyCount "110"]
[GameId "2160767911742835"]
[EventDate "1999.07.24"]
[EventType "swiss"]
[EventRounds "9"]
[EventCountry "CAN"]

1. d4 Nf6 2. c4 e6 3. Nc3 d5 4. Bg5 Be7 5. Nf3 Nbd7 6. e3 O-O 7. Qc2 h6 8. Bh4 b6 9. cxd5 exd5 10. Be2 Bb7 11. O-O Ne4 12. Bxe7 Qxe7 13. Nd2 Ndf6 14. Rac1 Ng5 15. Nf3 Ne6 16. a3 c5 17. Rfd1 Rac8 18. Qa4 Bc6 19. Qc2 Rfd8 20. Qb1 Bb7 21. dxc5 bxc5 22. b4 d4 23. Na4 dxe3 24. Rxd8+ Rxd8 25. Nxc5 exf2+ 26. Kxf2 Nf4 27. Ng1 Bxg2 28. Qf5 Nxe2 29. Nxe2 Be4 30. Qf4 Bg6 31. Rc3 Nd5 32. Re3 Nxe3 33. Qxe3 Qxe3+ 34. Kxe3 Re8+ 35. Kf2 Rd8 36. Nc3 Rd2+ 37. Kg3 Bd3 38. Nd5 Bb5 39. Nc7 Bc6 40. b5 Bd5 41. a4 Rc2 42. N5a6 Be6 43. a5 Bc4 44. b6 axb6 45. axb6 Bxa6 46. Nxa6 Rb2 47. Nc7 Rxb6 48. Nd5 Rb5 49. Nf4 g5 50. Nh5 f5 51. h4 Kf7 52. hxg5 hxg5 53. Kg2 f4 54. Kf3 Kg6 55. Kg4 Rf5 0-1

[Event "Quebec op"]
[Site "Montreal CAN"]
[Date "1999.07.26"]
[Round "4"]
[White "Hebert, Jean"]
[Black "Ghannoum, Marc"]
[Result "1-0"]
[WhiteElo "2454"]
[BlackElo "2180"]
[PlyCount "41"]
[GameId "2160767911742836"]
[EventDate "1999.07.24"]
[EventType "swiss"]
[EventRounds "9"]
[EventCountry "CAN"]
[SourceTitle "EXT 2000"]
[Source "ChessBase"]
[SourceDate "1999.11.18"]
[SourceVersion "1"]
[SourceVersionDate "1999.11.18"]
[SourceQuality "1"]

1. Nf3 Nc6 2. d4 d5 3. c4 e5 4. dxe5 Bb4+ 5. Nbd2 dxc4 6. Qc2 Be6 7. g3 b5 8. Bg2 Nge7 9. O-O Ng6 10. a4 a6 11. Rd1 Qc8 12. Ng5 Ngxe5 13. Bxc6+ Nxc6 14. Qe4 Na5 15. axb5 axb5 16. Ndf3 Ra6 17. Nd4 Rb6 18. Ndxe6 fxe6 19. Nxh7 Rxh7 20. Qxh7 Kf7 21. Bh6 1-0

[Event "Quebec op"]
[Site "Montreal CAN"]
[Date "1999.07.26"]
[Round "4"]
[White "Kalinin, Alexander"]
[Black "Roy, Guy"]
[Result "1/2-1/2"]
[WhiteElo "2425"]
[BlackElo "2095"]
[PlyCount "63"]
[GameId "2160767911742837"]
[EventDate "1999.07.24"]
[EventType "swiss"]
[EventRounds "9"]
[EventCountry "CAN"]

1. Nf3 d5 2. d4 Nf6 3. c4 g6 4. cxd5 Qxd5 5. Nc3 Qd8 6. e4 Bg7 7. Bc4 c6 8. O-O O-O 9. h3 b6 10. Qe2 Bb7 11. Bf4 Nh5 12. Be3 Nf6 13. Rfd1 Nbd7 14. Bf4 Re8 15. e5 Nd5 16. e6 Nf8 17. exf7+ Kxf7 18. Nxd5 cxd5 19. Bb5 e6 20. Bxe8+ Qxe8 21. Rac1 Bc6 22. Ne5+ Bxe5 23. Qxe5 Rc8 24. Bh6 Ke7 25. Re1 Bd7 26. Rxc8 Bxc8 27. Rc1 Nd7 28. Qg7+ Kd6 29. Bf4+ e5 30. dxe5+ Ke6 31. Rc6+ Kf5 32. Rxc8 1/2-1/2